Discurso leído en la Universidad de Salamanca en la inauguración del curso académico de 1902 á 1903 / (Record no. 63831)

MARC details
000 -LEADER
campo de control de longitud fija 00637nam a2200169 i 4500
001 - NÚMERO DE CONTROL
campo de control 63831
003 - IDENTIFICADOR DE NÚMERO DE CONTROL
campo de control ES-MaACL
005 - FECHA Y HORA DE LA ÚLTIMA TRANSACCIÓN
campo de control 20230906164959.0
007 - CAMPO FIJO DE DESCRIPCIÓN FÍSICA--INFORMACIÓN GENERAL
campo de control de longitud fija t|
008 - DATOS DE LONGITUD FIJA--INFORMACIÓN GENERAL
campo de control de longitud fija 031217s1902 sp ||||1| spa d
100 1# - ENTRADA PRINCIPAL--NOMBRE DE PERSONA
Nombre de persona Romanones, Álvaro de Figueroa y Torres,
Títulos y otros términos asociados al nombre Conde de,
Fechas asociadas al nombre 1863-1950
9 (RLIN) 99264
245 10 - MENCIÓN DEL TÍTULO
Título Discurso leído en la Universidad de Salamanca en la inauguración del curso académico de 1902 á 1903 /
Mención de responsabilidad, etc. por el Ministro de Instrucción Pública y Bellas Artes Excmo. Sr. Conde de Romanones.
260 ## - PUBLICACIÓN, DISTRIBUCIÓN, ETC.
Lugar de publicación, distribución, etc. Madrid :
Nombre del editor, distribuidor, etc. [s.n.],
Fecha de publicación, distribución, etc. 1902.
300 ## - DESCRIPCIÓN FÍSICA
Extensión 49 p. ;
Dimensiones 27 cm.
852 ## - LOCALIZACIÓN
Ubicación ES-MaACL
Número de control de estantería T-1021-F-1
Holdings
Estatus retirado Estado de pérdida Estado de daño No para préstamo Colección Biblioteca de origen Biblioteca actual Ubicación en estantería Fecha de adquisición Fuente de adquisición Total de préstamos Signatura topográfica completa Código de barras Visto por última vez Precio de reemplazo Tipo de ítem Koha
        Colección de folletos Biblioteca del Ateneo de Madrid Biblioteca del Ateneo de Madrid Depósito folletos 17/01/2008     T-1021-F-1 1066894 23/02/2023 23/02/2023 Folleto